Villes du Calvados en images - Statistiques

Statistiques générales
  • Ce quiz a été pris 113 fois
  • Le résultat moyen est 9 sur 18
Statistiques - réponses
Par images Hint Réponse % Correct
C Caen
98%
L Lisieux
90%
B Bayeux
87%
D Deauville
80%
H Honfleur
77%
O Ouistreham
71%
C Cabourg
67%
F Falaise
66%
V Vire
58%
B Bénouville
32%
I Isigny-sur-Mer
27%
V Vieux
23%
P Pont-l'Évêque
21%
M Mézidon-Canon
19%
B Beuvron-en-Auge
15%
A Argences
12%
C Courseulles-sur-Mer
9%
A (ou (L) M) Aunay-sur-Odon (Les Monts d'Aunay)
4%
Aucun quiz correspondant
Distribution des résultats
% des personnes avec chaque résultat
Percentile par nombre de réponses
Votre historique - résultats
Vous n’avez pas pris ce quiz